Представление документа в формате RUSMARC

ПолеНазваниеЗначение
  Тип записи a
  Библиографический уровень a
001 Контрольный номер RU/REG73/CBS_GRAD/c3b020e1df604ccdbb25efeef2d0c8a0
005 Дата корректировки 20251230094610.1
100 Данные общей обработки __
a Данные общей обработки 20251230a20251203|||c0rusy0189 ca
101 Язык документа 0_
a Язык текста rus
102 Страна публикации __
a Страна публикации RU
200 Заглавие и сведения об ответственности 1_
a Заглавие С "Русланом" по пути
e Сведения, относящиеся к заглавию 40 лет назад в небо взлетел первый выпущенный на Ульяновском авиационно-промышленном комплексе грузовой гигант Ан-124 "Руслан"
461 Уровень набора _0
1 2000
a Народная газета
463 Уровень физической единицы _0
1 2000
a № 49 (623) (3 декабря)
v С.22
1 2101
d 2025
1 001RU/REG73/CBS_GRAD/7fc68616e7f74d7dbfa300913fee0380
610 Ключевые слова 0_
a Ключевые слова авиакомплекс, Руслан, самолетостроение
801 Источник записи _0
a Страна RU
b Организация RuCBSGrad
c Дата составления 20251230
g Правила каталогизации RCR
801 Источник записи _1
a Страна RU
b Организация RuCBSGrad
c Дата составления 20251230
g Правила каталогизации RCR
852 Данные о местонахождении __
a Наименование организации МБУК ЦБС г. Димитровграда
901 Тип документа __
t Тип документа f
w Контрольный № источника RU/REG73/CBS_GRAD/7fc68616e7f74d7dbfa300913fee0380